Statistiques concernant 1 objet = 1 film (partie 2)

Cliquez ici pour prendre le quiz!

Statistiques générales

  • Ce quiz a été pris 295 fois
    (228 depuis la dernière actualisation)
  • Le résultat moyen est 7 sur 15

Statistiques - réponses

Réponse% Correct
Avengers
85%
Scream
84%
Spiderman
79%
Seul au monde
62%
Rasta Rockett
60%
La Liste de Schindler
56%
Le parrain
53%
Camping
42%
Le diner de cons
36%
Astérix et Obélix : Mission Cléopatre
34%
Léon
33%
Le Père Noël est une ordure
33%
Les Goonies
28%
E.T.
13%
Star Wars
10%

Distribution des résultats

Percentile par nombre de réponses

% des personnes avec chaque résultat

Votre développement - résultats

Vous n’avez pas pris ce quiz depuis la dernière actualisation